000 00768nam a2200229 i 4500
001 bg
100 1 _aGŁADYSZ, Henryk
245 0 _aNiezawodność elementów elektronicznych /
_cHenryk Gładysz, Eugeniusz Peciakowski.
260 _aWarszawa :
_bWydaw. Komunikacji i Łączności,
_c1984.
300 _a217, [3] s. :
_brys., wykr. ;
_c21 cm.
490 1 _aBiblioteka Konstruktora i Technologa Sprzętu Elektronicznego
504 _aBibliogr. s. 211-214.
700 1 _aPECIAKOWSKI, Eugeniusz
830 _aBiblioteka Konstruktora i Technologa Sprzętu Elektronicznego
020 _a8320603943
040 _cBPK
041 _apol
080 _a621.38:621.316:621.319
920 _a83-206-0394-3
942 _cKS
008 s pl f |000 0 pol
999 _c22411
_d22411
856 _uhttp://koha.tu.koszalin.pl/cgi-bin/koha/opac-detail.pl?biblionumber=22411
_yKatalog online BPK